[Event "ICS rated blitz match"]
[Site "204.178.125.65"]
[Date "2000.03.15"]
[Round "?"]
[White "Tinker"]
[Black "Hossa"]
[Result "0-1"]
[WhiteElo "2505"]
[BlackElo "2417"]
[PlyCount "110"]

1. e4 c5 2. Nf3 d6 3. d4 cxd4 4. Nxd4 Nf6 5. Bb5+ Bd7 6. Bxd7+ Nbxd7 7. Nc3 g6
8. Bg5 Bg7 9. Ndb5 Qa5 10. b4 Qxb4 11. O-O Rc8 12. Qd3 a6 13. Rab1 Qa5 14. Bd2
axb5 15. Rxb5 Qc7 16. Rfb1 Nc5 17. Qf3 O-O 18. Be3 Nfd7 19. Bxc5 Nxc5 20. Nd5
Qd8 21. Nb6 Rb8 22. Nc4 Qd7 23. a3 Qe6 24. Na5 Nxe4 25. Re1 Qd7 26. Rxb7 Rxb7
27. Nxb7 d5 28. Na5 Qc7 29. Nb3 Qxc2 30. Rf1 Nc3 31. Nc1 e6 32. Qf4 Ne4 33. Qe3
Bb2 34. Nd3 Bxa3 35. Qh3 Nc3 36. Nf4 Bc1 37. Nd3 Ne2+ 38. Kh1 Rc8 39. Re1 Rc3
40. Qg4 Rxd3 41. Qb4 Rd1 42. h3 Bb2 43. Qb8+ Kg7 44. Qxb2+ Qxb2 45. Rxd1 Nc3
46. Rf1 d4 47. f4 d3 48. f5 exf5 49. g4 d2 50. gxf5 Qc1 51. f6+ Kh6 52. Rxc1
dxc1=Q+ 53. Kg2 Qe3 54. Kh2 Qf4+ 55. Kg1 Ne4 0-1

[Event "ICS rated blitz match"]
[Site "204.178.125.65"]
[Date "2000.03.15"]
[Round "?"]
[White "Amateur"]
[Black "Hossa"]
[Result "0-1"]
[WhiteElo "2604"]
[BlackElo "2435"]
[PlyCount "138"]

1. e4 e5 2. Nf3 Nc6 3. Nc3 Nf6 4. Bb5 Bb4 5. O-O O-O 6. d3 d6 7. Bg5 Bxc3 8.
bxc3 Qe7 9. Nd2 Nd8 10. Qf3 Ne6 11. Bxf6 Qxf6 12. Qxf6 gxf6 13. Bc4 Nf4 14. d4
Kg7 15. Rab1 Rg8 16. Kh1 Rb8 17. Rg1 f5 18. dxe5 dxe5 19. Rb5 Kf6 20. Rc5 c6
21. Ra5 Ra8 22. g3 Nh3 23. Rf1 b6 24. Ra3 Rd8 25. Bd3 fxe4 26. Nxe4+ Kg7 27. f3
f5 28. Nf2 Nxf2+ 29. Rxf2 Be6 30. Ra4 a5 31. Rh4 Bxa2 32. Bxf5 Bg8 33. Re2 Rd5
34. Rg4+ Kf6 35. Be4 Rd6 36. Rh4 Kg7 37. Bd3 Rd5 38. Rhe4 Re8 39. f4 Rxd3 40.
cxd3 Bd5 41. Kg2 Kf6 42. Kf2 Bxe4 43. Rxe4 Re6 44. Kf3 b5 45. Rxe5 Rxe5 46.
fxe5+ Kxe5 47. Ke2 c5 48. Kd2 Kd5 49. Kc2 a4 50. Kb2 b4 51. Kc2 b3+ 52. Kb2 c4
53. d4 Ke4 54. d5 Kxd5 55. g4 Ke4 56. g5 Kd3 57. h4 a3+ 58. Kxa3 Kxc3 59. h5
Kc2 60. Kb4 b2 61. Kxc4 b1=Q 62. g6 hxg6 63. hxg6 Qg1 64. Kd5 Qxg6 65. Kd4 Qe6
66. Kc5 Kc3 67. Kb5 Qd6 68. Ka5 Kc4 69. Ka4 Qa6# 0-1

[Event "ICS Rated blitz match"]
[Site "204.178.125.65"]
[Date "2000.03.15"]
[Round "?"]
[White "warps"]
[Black "Hossa"]
[Result "1-0"]
[WhiteElo "2718"]
[BlackElo "2458"]
[PlyCount "139"]

1. e4 e5 2. Nc3 Nf6 3. Nf3 Nc6 4. d4 exd4 5. Nxd4 Bb4 6. Nxc6 bxc6 7. Bd3 O-O
8. O-O d5 9. exd5 Bxc3 10. bxc3 cxd5 11. Rb1 Re8 12. Bf4 c6 13. Re1 Qa5 14.
Rxe8+ Nxe8 15. Qc1 Nf6 16. c4 Ba6 17. cxd5 Bxd3 18. cxd3 Qxd5 19. Qc4 Qd7 20.
Qa6 Nd5 21. Bd2 Re8 22. h3 Nc7 23. Rb7 Nxa6 24. Rxd7 Ra8 25. d4 h6 26. f4 h5
27. Kf2 Kf8 28. Bc3 g6 29. Rb7 Kg8 30. Kf3 Kf8 31. f5 gxf5 32. Kf4 c5 33. Kxf5
Rc8 34. Rxa7 Nc7 35. Rb7 Nd5 36. Bb2 Ne3+ 37. Kg5 cxd4 38. Bxd4 Nxg2 39. Kxh5
Nf4+ 40. Kg4 Ne2 41. Bf6 Ra8 42. a3 Nc1 43. h4 Kg8 44. h5 Nd3 45. Rc7 Re8 46.
Kf5 Ra8 47. Bc3 Nc1 48. h6 Re8 49. Kf6 Ra8 50. h7+ Kxh7 51. Rxf7+ Kg8 52. Rg7+
Kh8 53. Rg1 Kh7 54. Rh1+ Kg8 55. Kg6 Ra6+ 56. Bf6 Rxf6+ 57. Kxf6 Ne2 58. a4 Nf4
59. Rd1 Kh7 60. a5 Kg8 61. a6 Nh5+ 62. Kg5 Ng7 63. a7 Kf7 64. Rd7+ Ke6 65. Rxg7
Kd5 66. a8=Q+ Kd4 67. Rd7+ Kc5 68. Qc8+ Kb6 69. Rb7+ Ka6 70. Qa8# 1-0

[Event "ICS rated blitz match"]
[Site "204.178.125.65"]
[Date "2000.03.15"]
[Round "?"]
[White "Hossa"]
[Black "Kair"]
[Result "1-0"]
[WhiteElo "2452"]
[BlackElo "2461"]
[PlyCount "143"]

1. e4 c5 2. Nf3 d6 3. d4 cxd4 4. Nxd4 Nf6 5. Nc3 Nc6 6. Be3 e5 7. Nb3 Be7 8.
Be2 O-O 9. Bf3 a5 10. Nd5 a4 11. Bb6 Qd7 12. Nc1 Nxd5 13. exd5 Nb4 14. c3 a3
15. bxa3 Na6 16. O-O Qf5 17. Re1 Bd7 18. Nd3 Qg6 19. Be4 f5 20. Bf3 e4 21. Bh5
Qh6 22. Nb4 Bf6 23. Re3 Be5 24. Rh3 Qf6 25. Rc1 Nc5 26. Be2 Rxa3 27. Nc2 Rxa2
28. Bxc5 dxc5 29. Bc4 Raa8 30. Rb1 Rab8 31. Qh5 Qg6 32. d6+ Rf7 33. Qxg6 hxg6
34. Na3 f4 35. Rh4 g5 36. Rh5 Bf6 37. h3 g6 38. Bxf7+ Kxf7 39. Rh7+ Bg7 40. Nc4
Kg8 41. Ne5 Bf5 42. Nc6 Rc8 43. Rxg7+ Kxg7 44. Rxb7+ Kf6 45. Rc7 g4 46. Rxc8
Bxc8 47. Ne7 Bd7 48. hxg4 Bxg4 49. Nc6 Ke6 50. d7 Kxd7 51. Ne5+ Ke6 52. Nxg4
Kd5 53. Nf6+ Ke5 54. Nd7+ Kd6 55. Nf8 g5 56. Nh7 g4 57. Nf6 e3 58. fxe3 fxe3
59. Nxg4 Kd5 60. Nxe3+ Ke4 61. g4 Kd3 62. g5 Kxe3 63. g6 Kd3 64. Kf2 Kxc3 65.
Ke3 c4 66. g7 Kb3 67. g8=Q Kc3 68. Qg3 Kb2 69. Kd4 Kb1 70. Qg1+ Ka2 71. Kc3 Ka3
72. Qa1# 1-0

[Event "ICS rated blitz match"]
[Site "204.178.125.65"]
[Date "2000.03.15"]
[Round "?"]
[White "Tinker"]
[Black "Hossa"]
[Result "1-0"]
[WhiteElo "2472"]
[BlackElo "2461"]
[PlyCount "75"]

1. e4 c5 2. Nf3 Nc6 3. d4 cxd4 4. Nxd4 Nf6 5. Nxc6 bxc6 6. Nc3 e5 7. Bd3 Bb4 8.
Qe2 Bxc3+ 9. bxc3 d6 10. Bg5 h6 11. Bxf6 gxf6 12. O-O h5 13. h3 Be6 14. Rfb1
Rb8 15. c4 h4 16. Rxb8 Qxb8 17. c3 Rg8 18. Qf3 Rg6 19. Rb1 Qc7 20. Bf1 Qa5 21.
Rb8+ Ke7 22. Qh5 Qc7 23. Qh8 Bd7 24. Qf8+ Ke6 25. c5 Qxb8 26. Qxb8 dxc5 27. Qf8
f5 28. exf5+ Kxf5 29. Qxf7+ Kg5 30. Qxd7 c4 31. Bxc4 Kf4 32. Bd3 e4 33. Qf7+
Kg5 34. f4+ Kh6 35. Bxe4 Rg7 36. Qf6+ Kh5 37. Bf3+ Rg4 38. hxg4# 1-0

[Event "ICS rated blitz match"]
[Site "204.178.125.65"]
[Date "2000.03.15"]
[Round "?"]
[White "Hossa"]
[Black "QueenMaxima"]
[Result "1-0"]
[WhiteElo "2446"]
[BlackElo "2388"]
[PlyCount "95"]

1. e4 d6 2. d4 Nf6 3. Nc3 Nbd7 4. Nf3 e5 5. Bd3 Be7 6. O-O O-O 7. Be3 exd4 8.
Bxd4 Nc5 9. Bxc5 dxc5 10. e5 Nd7 11. Be4 Nb6 12. Qe2 Qd7 13. Rfd1 Qe8 14. a4 c6
15. a5 Nd7 16. Qd3 c4 17. Qxc4 Nc5 18. Nd4 Nd7 19. f4 a6 20. Bf5 Kh8 21. Ne4
Rb8 22. g3 Rg8 23. Rd3 Rf8 24. Rad1 Ra8 25. Qc3 Ra7 26. g4 Kg8 27. Nb3 Nb8 28.
Rd8 Qxd8 29. Rxd8 Rxd8 30. Bxc8 Rxc8 31. e6 fxe6 32. Qe3 c5 33. Nd6 Bxd6 34.
Qxe6+ Kf8 35. Qxc8+ Ke7 36. Nxc5 Bxf4 37. Qe6+ Kf8 38. Qf5+ Kg8 39. Qxf4 Nd7
40. Nxd7 Ra8 41. Qe4 Rd8 42. Qe7 Ra8 43. Nc5 Kh8 44. Ne6 Rg8 45. g5 b5 46. g6
b4 47. Nd8 hxg6 48. Qh4# 1-0

[Event "ICS rated standard match"]
[Site "204.178.125.65"]
[Date "2000.03.15"]
[Round "?"]
[White "PostModernist"]
[Black "Hossa"]
[Result "0-1"]
[WhiteElo "2392"]
[BlackElo "2242"]
[PlyCount "254"]

1. d4 d5 2. Nf3 Nf6 3. e3 e6 4. Bd3 c5 5. b3 cxd4 6. exd4 Nc6 7. O-O Bd6 8. Bb2
O-O 9. Re1 Bd7 10. Ne5 Nb4 11. Nc3 Qc7 12. a3 Nxd3 13. Qxd3 Rfc8 14. Qh3 Be8
15. a4 Bb4 16. Re3 Bxc3 17. Rxc3 Qb6 18. Qd3 Ne4 19. Rxc8 Rxc8 20. f3 Nd6 21.
Qd2 f6 22. Nd3 Bg6 23. Re1 Bxd3 24. Qxd3 Nf5 25. f4 Re8 26. Kf1 Nd6 27. Re2 Ne4
28. g3 g6 29. Kg2 Rc8 30. Qf3 Qb4 31. h3 a6 32. Qg4 Rc6 33. Qf3 b5 34. axb5
axb5 35. Qf1 Ra6 36. Qc1 Ra2 37. Qb1 Qa5 38. b4 Qa4 39. Kh2 Kf8 40. Kg2 Qa7 41.
Re3 Ra4 42. c3 Ra2 43. Qc1 Qc7 44. Qc2 Qc4 45. Rf3 Kg7 46. Kh2 Kg8 47. Kg1 Kh8
48. Kg2 Ra4 49. Qd1 Ra7 50. Qc2 Rc7 51. Qd1 Qa2 52. Qc1 Kg8 53. Re3 Qb3 54. Kh2
Ra7 55. Re2 Ra2 56. Rg2 Qc4 57. Qe1 Qd3 58. Kh1 Kf8 59. Kh2 h5 60. h4 Kf7 61.
Qc1 Nd6 62. Qe1 Nc4 63. Bc1 Ra1 64. Rf2 Nd6 65. Rb2 Ne4 66. Kg2 Kg8 67. Kh2
Rxc1 68. Qxc1 Qxg3+ 69. Kh1 Nf2+ 70. Rxf2 Qxf2 71. Qg1 Qxh4+ 72. Qh2 Qe1+ 73.
Qg1 Qe4+ 74. Qg2 Kf7 75. Kg1 Qxf4 76. Qh3 Qc1+ 77. Kg2 Qd2+ 78. Kf1 Qd1+ 79.
Kf2 Qc2+ 80. Kg1 Qe2 81. Kh1 f5 82. Qg3 Qd1+ 83. Kh2 Qd2+ 84. Kg1 g5 85. Qc7+
Kg6 86. Qe5 Qc1+ 87. Kg2 Qc2+ 88. Kf1 Qe4 89. Qh8 Qf3+ 90. Kg1 Qg3+ 91. Kf1
Qd3+ 92. Kf2 Qd2+ 93. Kf1 Qd1+ 94. Kf2 Qc2+ 95. Kf1 Qc1+ 96. Ke2 f4 97. Qe8+
Kf5 98. Qf7+ Kg4 99. Qxe6+ Kg3 100. Qxd5 Qc2+ 101. Ke1 Qxc3+ 102. Kd1 g4 103.
Qxb5 h4 104. d5 h3 105. d6 h2 106. Qh5 Qf3+ 107. Kc2 h1=Q 108. Qxh1 Qxh1 109.
b5 f3 110. Kc3 Qe1+ 111. Kc4 Qe2+ 112. Kc5 Qxb5+ 113. Kxb5 f2 114. d7 f1=Q+
115. Kb6 Qd1 116. Kc7 Kf3 117. d8=Q Qxd8+ 118. Kxd8 g3 119. Kd7 g2 120. Kd6
g1=Q 121. Ke6 Ke4 122. Kd6 Qc1 123. Ke7 Ke5 124. Kf7 Kf5 125. Kf8 Kf6 126. Kg8
Qh1 127. Kf8 Qh8# 0-1

[Event "ICS rated standard match"]
[Site "204.178.125.65"]
[Date "2000.03.15"]
[Round "?"]
[White "Hossa"]
[Black "PostModernist"]
[Result "1-0"]
[WhiteElo "2265"]
[BlackElo "2369"]
[PlyCount "85"]

1. d4 d5 2. c4 e6 3. Nc3 c6 4. e3 Nf6 5. Nf3 Nbd7 6. cxd5 exd5 7. Bd3 a6 8. O-O
Bd6 9. Bd2 O-O 10. Qc2 Re8 11. Rac1 Nb6 12. Ng5 Bxh2+ 13. Kh1 Bd6 14. Bxh7+ Kf8
15. Bd3 Ke7 16. Kg1 Ng4 17. Rfe1 Qc7 18. e4 dxe4 19. Ncxe4 Bh2+ 20. Kf1 Kd8 21.
g3 Nh6 22. Qc5 Na4 23. Qb4 Nxb2 24. Qxb2 Re7 25. Bf4 Qd7 26. Bd6 b5 27. Bxe7+
Qxe7 28. Rxc6 Bb7 29. Nc5 Bxc6 30. Rxe7 Kxe7 31. d5 f6 32. Qe2+ Kd6 33. Nge4+
Kc7 34. Ne6+ Kd7 35. N4c5+ Ke7 36. Nf4+ Kd6 37. Qe6+ Kxc5 38. Qxc6+ Kb4 39. a3+
Kb3 40. Qc2+ Kxa3 41. Qc3+ Ka2 42. Ne2 f5 43. Nc1# 1-0

[Event "ICS rated standard match"]
[Site "204.178.125.65"]
[Date "2000.03.15"]
[Round "?"]
[White "PostModernist"]
[Black "Hossa"]
[Result "1/2-1/2"]
[WhiteElo "2348"]
[BlackElo "2286"]
[PlyCount "176"]

1. d4 d5 2. Nf3 Nf6 3. e3 e6 4. Bd3 c5 5. c3 Nc6 6. O-O Be7 7. Nbd2 O-O 8. Ne5
Nxe5 9. dxe5 Nd7 10. f4 c4 11. Bc2 Bc5 12. Nf3 Bb6 13. Bxh7+ Kxh7 14. Ng5+ Kg6
15. Rf3 Nxe5 16. Rg3 Kf6 17. Nh7+ Ke7 18. Nxf8 Nd3 19. Nh7 Qh8 20. Qh5 Bd7 21.
b3 g6 22. Qg5+ Kd6 23. Ba3+ Kc7 24. Nf6 Bb5 25. Be7 Ba6 26. Rh3 Qb8 27. Rb1 Kc6
28. Rf1 Qc7 29. Ba3 Rd8 30. Rg3 Ba5 31. b4 Bb6 32. Kh1 Qb8 33. Qh6 e5 34. f5
gxf5 35. Rxf5 Kb5 36. Qh5 Qc8 37. Rf1 Qe6 38. Qd1 Rd6 39. Rh3 Bd8 40. Nh5 Rd7
41. Ng7 Qc6 42. Qg4 Bb6 43. Nf5 f6 44. Ng7 Rf7 45. Qg6 Rd7 46. Rhf3 Bd8 47. Ne8
Qe6 48. Bc1 b6 49. Nxf6 Rf7 50. Bd2 Bb7 51. Rf5 Ka4 52. h4 Ka3 53. h5 Bc8 54.
h6 Rf8 55. Qg7 Rf7 56. Qg8 Rxf6 57. Qxe6 Rxe6 58. e4 Nf4 59. Bxf4 exf4 60. Rh5
Bf6 61. Rxf4 Re5 62. Rxe5 Bxe5 63. Rf8 Bg4 64. exd5 Kxa2 65. h7 Kb3 66. Re8 Bf6
67. Re4 Bd7 68. Re7 Bg4 69. d6 Kxc3 70. Rxa7 Kxb4 71. Rf7 Be5 72. d7 Bxd7 73.
Rxd7 c3 74. Rc7 Kb3 75. Rb7 c2 76. Rxb6+ Ka2 77. Rc6 Kb1 78. h8=Q Bxh8 79. Rxc2
Kxc2 80. Kh2 Kd2 81. g4 Ke2 82. Kh3 Kf2 83. g5 Kg1 84. Kh4 Kh1 85. g6 Kh2 86.
Kh5 Kh3 87. Kg5 Kg3 88. g7 Bxg7 1/2-1/2

[Event "ICS rated standard match"]
[Site "204.178.125.65"]
[Date "2000.03.15"]
[Round "?"]
[White "Hossa"]
[Black "PostModernist"]
[Result "1/2-1/2"]
[WhiteElo "2289"]
[BlackElo "2345"]
[PlyCount "219"]

1. e4 c6 2. d4 d5 3. Nc3 dxe4 4. Nxe4 Bf5 5. Ng3 Bg6 6. h4 h6 7. Nf3 Nd7 8. h5
Bh7 9. Bd3 Bxd3 10. Qxd3 Qc7 11. Bd2 e6 12. O-O-O O-O-O 13. Rde1 Ngf6 14. Rh4
Bd6 15. Ne2 Rhe8 16. Kb1 Kb8 17. Be3 Qa5 18. c4 Bb4 19. Reh1 e5 20. Qc2 Bd6 21.
Qf5 Qa6 22. Nc3 e4 23. Nd2 Bb4 24. Rc1 Bxc3 25. Rxc3 Qa4 26. Rc2 Ka8 27. Nxe4
Re6 28. Qf3 Qa5 29. Bd2 Qa4 30. d5 cxd5 31. Nc3 Qa6 32. cxd5 Ree8 33. Rh1 Ne5
34. Qg3 Nd3 35. a3 Rg8 36. Rh3 Nc5 37. Qc7 Qf1+ 38. Bc1 Nb3 39. Rh4 Nxc1 40.
Rxc1 Qxf2 41. Rc4 Qf5+ 42. Rc2 Rc8 43. Qf4 Qd3 44. Rd4 Nxh5 45. Qb8+ Kxb8 46.
Rxd3 Rgd8 47. Rcd2 f5 48. Re3 Nf6 49. Re5 f4 50. Re6 a6 51. Rd4 Rc5 52. d6 Rc6
53. a4 Ka7 54. Ka2 Ka8 55. Kb3 b6 56. Ka3 Ne8 57. Ne4 b5 58. axb5 axb5 59. Rd5
h5 60. b3 h4 61. Kb4 Ra6 62. Kxb5 Ra3 63. Kc4 Ra6 64. b4 Rb6 65. Ra5+ Kb8 66.
Kc5 Rb7 67. Ra6 Rf7 68. b5 f3 69. gxf3 h3 70. Ra3 h2 71. Ng3 Rf5+ 72. Kc6 Rc8+
73. Kb6 Rd5 74. d7 Rxd7 75. Rc6 Rxc6+ 76. bxc6 Rd1 77. Ra2 h1=Q 78. Nxh1 Rxh1
79. Rd2 Rb1+ 80. Kc5 Nf6 81. Rg2 Rc1+ 82. Kd6 Rc3 83. f4 Kc8 84. Rg1 Ne8+ 85.
Ke7 Re3+ 86. Kf7 Kc7 87. Rg6 Kd8 88. Rg2 Re7+ 89. Kf8 Re6 90. Rd2+ Kc7 91. Rc2
Re4 92. Rc1 Re3 93. Rc2 Re6 94. Rc5 Re2 95. Re5 Rxe5 96. fxe5 Kxc6 97. Kxe8 Kd5
98. Kf7 Kxe5 99. Kg6 Ke6 100. Kg5 g6 101. Kf4 Ke7 102. Ke5 g5 103. Kf5 g4 104.
Kf4 g3 105. Ke3 Ke8 106. Kf3 Kf8 107. Kg2 Kg8 108. Kg1 g2 109. Kh2 g1=Q+ 110.
Kxg1 1/2-1/2

[Event "ICS rated standard match"]
[Site "204.178.125.65"]
[Date "2000.03.15"]
[Round "?"]
[White "prg3"]
[Black "Hossa"]
[Result "1/2-1/2"]
[WhiteElo "2239"]
[BlackElo "2292"]
[PlyCount "88"]

1. d4 Nf6 2. c4 e6 3. Nc3 Bb4 4. Qc2 d5 5. cxd5 Qxd5 6. Nf3 Qf5 7. Qxf5 exf5 8.
e3 f4 9. exf4 O-O 10. a3 Bxc3+ 11. bxc3 Re8+ 12. Be3 Nd5 13. Kd2 Bf5 14. Bd3
Bxd3 15. Kxd3 b5 16. Rhb1 a6 17. a4 bxa4 18. Rxa4 Nc6 19. Rba1 f6 20. Nd2 a5
21. Nc4 Ra6 22. Rb1 Rea8 23. Rb5 Rd8 24. Rc5 Rd7 25. Nxa5 Nb6 26. Ra1 Nd8 27.
Nb3 Rxa1 28. Nxa1 Na4 29. Ra5 Nb2+ 30. Kc2 Nc4 31. Ra2 Nb7 32. Nb3 Nbd6 33. Nd2
Nxd2 34. Kxd2 Rd8 35. Kd3 Rb8 36. Ra7 Nb5 37. Ra5 f5 38. Kc4 Nd6+ 39. Kd5 Rb6
40. Rc5 Ne8 41. Rc6 Nf6+ 42. Kc5 Nd7+ 43. Kd5 Nf6+ 44. Kc5 Nd7+ 1/2-1/2

[Event "ICS rated standard match"]
[Site "204.178.125.65"]
[Date "2000.03.15"]
[Round "?"]
[White "Hossa"]
[Black "Tinker"]
[Result "0-1"]
[WhiteElo "2290"]
[BlackElo "2246"]
[PlyCount "136"]

1. e4 e5 2. Nf3 d6 3. d4 exd4 4. Nxd4 d5 5. exd5 Qxd5 6. Qe2+ Ne7 7. Nb5 Na6 8.
Bf4 Be6 9. N1c3 Qc5 10. O-O-O Ng6 11. Be3 Qe5 12. Nd4 Bd7 13. Qf3 Nc5 14. b4 c6
15. bxc5 Bxc5 16. Kb1 O-O 17. h4 Qe7 18. Bg5 Qe5 19. Qd3 Bg4 20. Be2 Bxe2 21.
Ncxe2 Rae8 22. Qh3 Bxd4 23. Nxd4 h6 24. h5 Qxg5 25. hxg6 Qxg6 26. Rd3 Re5 27.
g4 Rfe8 28. Rdd1 Rd8 29. Nf3 Rxd1+ 30. Rxd1 Rb5+ 31. Kc1 Ra5 32. g5 Rxa2 33.
Qc8+ Kh7 34. Rd3 b6 35. Kb1 Ra5 36. Kb2 Rd5 37. Rxd5 cxd5 38. gxh6 gxh6 39. Ne5
Qf6 40. Qe8 Kg7 41. f3 h5 42. Ka2 h4 43. Nd7 Qf4 44. Qf8+ Kh7 45. Qa3 Qc4+ 46.
Qb3 Qxb3+ 47. Kxb3 Kg6 48. Ne5+ Kf5 49. Nxf7 h3 50. Nh6+ Kf4 51. Ng4 Kxf3 52.
Nh2+ Kg2 53. Ng4 Kg3 54. Ne3 d4 55. Nf5+ Kg4 56. Nxd4 h2 57. c4 h1=Q 58. Kc3 a5
59. Kb2 Qe4 60. Nb3 Qxc4 61. Na1 a4 62. Nc2 Kf4 63. Na1 Ke3 64. Nc2+ Kd2 65.
Nd4 a3+ 66. Kxa3 Kc3 67. Nb5+ Qxb5 68. Ka2 Qb2# 0-1

[Event "ICS rated standard match"]
[Site "204.178.125.65"]
[Date "2000.03.15"]
[Round "?"]
[White "Amateur"]
[Black "Hossa"]
[Result "1/2-1/2"]
[WhiteElo "2383"]
[BlackElo "2272"]
[PlyCount "242"]

1. e4 e5 2. Nf3 Nc6 3. Bb5 a6 4. Ba4 Nf6 5. O-O Be7 6. Re1 b5 7. Bb3 O-O 8. a4
b4 9. Bd5 Bc5 10. c3 bxc3 11. dxc3 Bb7 12. Bg5 h6 13. Bh4 Qe7 14. b4 Bb6 15.
Na3 d6 16. Bxf6 Qxf6 17. a5 Ba7 18. Qa4 Nd8 19. Bxb7 Nxb7 20. Qc6 Rfb8 21. Qxc7
Nd8 22. Red1 Rc8 23. Qxd6 Rxc3 24. Qxf6 gxf6 25. Nh4 Ne6 26. Nf5 h5 27. Ne7+
Kg7 28. Nd5 Rb3 29. Nc4 Rd8 30. Ncb6 Nd4 31. f3 f5 32. Kf1 fxe4 33. fxe4 f5 34.
Rdc1 Kh6 35. exf5 Bxb6 36. axb6 Rxd5 37. Rc5 Nxf5 38. b7 Rxb4 39. Rxa6+ Kg5 40.
h4+ Kf4 41. Rxd5 Ne3+ 42. Ke1 Rb1+ 43. Rd1 Nxd1 44. Rf6+ Kg4 45. Rf8 Rxb7 46.
Kxd1 Kxh4 47. Ke2 Kg4 48. Ke3 Rb4 49. Rg8+ Kf5 50. Rf8+ Ke6 51. Re8+ Kd6 52.
Rd8+ Ke7 53. Rh8 h4 54. Rh6 Kf7 55. Kf2 Rf4+ 56. Ke3 Rc4 57. Kf3 Kg7 58. Re6
Rc5 59. Ke4 Rc2 60. Rxe5 Kg6 61. Kf3 Rc3+ 62. Kg4 Rc4+ 63. Kh3 Rf4 64. Re6+ Kf5
65. Rc6 Kg5 66. Rc5+ Kh6 67. Rc8 Kg5 68. Rc6 Re4 69. Rc5+ Kh6 70. g3 hxg3 71.
Kxg3 Kh7 72. Kf3 Rh4 73. Rc6 Kh8 74. Rc7 Kg8 75. Rb7 Kh8 76. Rd7 Kg8 77. Rc7
Kh8 78. Ke3 Kg8 79. Rb7 Kh8 80. Rd7 Kg8 81. Rc7 Kh8 82. Rb7 Kg8 83. Rd7 Kh8 84.
Re7 Kg8 85. Kf3 Kh8 86. Rb7 Kg8 87. Ra7 Kh8 88. Re7 Kg8 89. Rb7 Kh8 90. Rd7 Kg8
91. Kg3 Rh1 92. Kf4 Kh8 93. Kf5 Kg8 94. Rc7 Kh8 95. Kf6 Kg8 96. Rg7+ Kh8 97.
Rd7 Kg8 98. Kg6 Kf8 99. Ra7 Ke8 100. Rb7 Kf8 101. Rc7 Ke8 102. Kf6 Kd8 103. Rg7
Ke8 104. Ke5 Kf8 105. Ra7 Kg8 106. Kf6 Kh8 107. Rc7 Kg8 108. Rg7+ Kh8 109. Rd7
Kg8 110. Kg6 Kf8 111. Rb7 Ke8 112. Kf6 Rg1 113. Ke5 Kf8 114. Kf6 Kg8 115. Rc7
Kh8 116. Rb7 Kg8 117. Rd7 Kh8 118. Rd5 Kg8 119. Re5 Kh8 120. Rf5 Kg8 121. Rf4
Kh8 1/2-1/2

[Event "ICS rated standard match"]
[Site "204.178.125.65"]
[Date "2000.03.15"]
[Round "?"]
[White "Hossa"]
[Black "Amateur"]
[Result "1/2-1/2"]
[WhiteElo "2277"]
[BlackElo "2378"]
[PlyCount "153"]

1. e4 e5 2. Nf3 Nc6 3. d4 exd4 4. Nxd4 Nf6 5. Nxc6 bxc6 6. e5 Qe7 7. Qe2 Nd5 8.
c4 Ba6 9. g3 g6 10. b3 Bg7 11. Bb2 O-O 12. Bg2 Rfe8 13. O-O Bxe5 14. Qxe5 Qxe5
15. Bxe5 Rxe5 16. f4 Rh5 17. cxd5 Bxf1 18. Bf3 Bh3 19. Bxh5 gxh5 20. dxc6 dxc6
21. Nc3 Re8 22. Kf2 Bg4 23. Re1 Rxe1 24. Kxe1 Bf5 25. Na4 Kf8 26. Nc5 Ke7 27.
Nb7 Bb1 28. a3 Bg6 29. b4 Ke6 30. Kd2 Kf5 31. Nd8 c5 32. bxc5 Kg4 33. Ke3 Kh3
34. Nc6 Kxh2 35. Kf3 Bd3 36. Nxa7 Kh3 37. a4 f5 38. Nb5 Be4+ 39. Kf2 Bc6 40.
Nd4 Bxa4 41. Nxf5 h4 42. Nxh4 Kg4 43. Nf3 Bb3 44. Ne5+ Kf5 45. Kf3 Bd5+ 46. Ke3
h5 47. Kd4 Bh1 48. Kd3 h4 49. gxh4 Kxf4 50. Kd4 Bb7 51. Ng6+ Kf5 52. h5 Kg5 53.
Ke5 Kxh5 54. Kf5 Bc8+ 55. Kf6 Kg4 56. Ne7 Ba6 57. Ke5 Kf3 58. Kd4 Bb7 59. Nd5
c6 60. Nc7 Kf4 61. Ne8 Bc8 62. Nd6 Be6 63. Ne4 Bb3 64. Nf6 Kf5 65. Ne8 Bg8 66.
Kc3 Ke5 67. Kb4 Kd4 68. Nd6 Be6 69. Nb7 Bc4 70. Ka5 Be6 71. Kb6 Kd5 72. Nd6 Bd7
73. Nf7 Bg4 74. Nd8 Bd7 75. Nf7 Bg4 76. Nd8 Bd7 77. Nf7 1/2-1/2

[Event "ICS rated blitz match"]
[Site "204.178.125.65"]
[Date "2000.03.15"]
[Round "?"]
[White "DersuUzala"]
[Black "Hossa"]
[Result "0-1"]
[WhiteElo "2158"]
[BlackElo "2459"]
[PlyCount "62"]

1. e4 c5 2. b3 d6 3. f4 Nc6 4. Nf3 Nf6 5. Nc3 d5 6. exd5 Nxd5 7. Nxd5 Qxd5 8.
Bb5 Bg4 9. O-O O-O-O 10. Bxc6 Qxc6 11. d3 Qf6 12. Rb1 b6 13. Qe1 Bxf3 14. Rxf3
Qd4+ 15. Be3 Qd5 16. Bf2 e6 17. Re3 Bd6 18. Re4 Qf5 19. g3 h5 20. h4 Kb8 21.
Qe3 Qh3 22. Re1 Rd7 23. Qf3 Be7 24. Qg2 Qxg2+ 25. Kxg2 Bf6 26. a4 Rhd8 27. Kf3
Kb7 28. a5 Bc3 29. R1e2 Bxa5 30. g4 hxg4+ 31. Kxg4 f5+ 0-1

[Event "ICS rated standard match"]
[Site "204.178.125.65"]
[Date "2000.03.15"]
[Round "?"]
[White "heatstroke"]
[Black "Hossa"]
[Result "1-0"]
[WhiteElo "2572"]
[BlackElo "2282"]
[PlyCount "165"]

1. e4 e5 2. Nf3 Nc6 3. d4 exd4 4. Nxd4 Nf6 5. Nc3 Bb4 6. Nxc6 bxc6 7. Bd3 Bxc3+
8. bxc3 d5 9. exd5 Qe7+ 10. Qe2 Qxe2+ 11. Bxe2 cxd5 12. Ba3 Bb7 13. f3 Kd7 14.
O-O-O Rhe8 15. Bd3 Kc6 16. Rhe1 Rxe1 17. Rxe1 Rd8 18. Re7 Rd7 19. Re5 g6 20.
Bf8 Kb6 21. Bg7 Nh5 22. Bh6 Ba6 23. g4 Nf6 24. Bg5 Rd6 25. Re7 h6 26. Be3+ Kb7
27. Rxf7 g5 28. Bf5 Bb5 29. Bd4 Ne8 30. Re7 Rd8 31. Bd3 a6 32. Be5 Nd6 33. Bg7
Rd7 34. Rxd7 Bxd7 35. Bxh6 Nf7 36. Bg7 Nd8 37. Bf6 Ne6 38. Kd2 c5 39. Ke3 a5
40. h4 gxh4 41. Bxh4 Bc6 42. g5 a4 43. g6 d4+ 44. cxd4 cxd4+ 45. Kf2 Nf4 46.
Bf5 Bd5 47. a3 Bg8 48. Bg3 Ne6 49. Be4+ Kb6 50. f4 Nc5 51. Bf3 Be6 52. g7 Bg8
53. f5 Nd7 54. Bd6 Bf7 55. Be7 Ne5 56. Bh5 Bg8 57. Be8 Ka6 58. f6 d3 59. cxd3
Nxd3+ 60. Ke3 Ne5 61. Kd4 Nf3+ 62. Ke4 Ng5+ 63. Kf5 Nf7 64. Kg6 Ne5+ 65. Kg5
Kb7 66. Bd6 Nf7+ 67. Bxf7 Bxf7 68. Kh6 Kc6 69. Bb4 Kd5 70. Kh7 Ke5 71. Bc3+ Kd5
72. g8=Q Bxg8+ 73. Kxg8 Ke4 74. f7 Kd5 75. f8=Q Kc6 76. Qe7 Kd5 77. Qe5+ Kc6
78. Qe6+ Kb7 79. Qd7+ Kb6 80. Bd4+ Ka5 81. Qa7+ Kb5 82. Qc5+ Ka6 83. Qb6# 1-0

[Event "ICS rated standard match"]
[Site "204.178.125.65"]
[Date "2000.03.15"]
[Round "?"]
[White "Tinker"]
[Black "Hossa"]
[Result "1-0"]
[WhiteElo "2293"]
[BlackElo "2277"]
[PlyCount "141"]

1. e4 e5 2. Nf3 Nc6 3. d4 exd4 4. Nxd4 Bc5 5. Nxc6 Qf6 6. Qe2 bxc6 7. Nc3 Bd4
8. Nd1 d6 9. h4 Qe6 10. c3 Bb6 11. a4 a5 12. h5 h6 13. b4 axb4 14. cxb4 Nf6 15.
Rh4 O-O 16. Bb2 Re8 17. a5 Ba7 18. f3 d5 19. Nf2 Rb8 20. e5 Nd7 21. Nd3 Ba6 22.
O-O-O Bxd3 23. Rxd3 Nxe5 24. Bxe5 Qxe5 25. Qxe5 Rxe5 26. Rd2 Be3 27. Kc2 Bxd2
28. Kxd2 Ra8 29. a6 Rae8 30. Bd3 Rb8 31. Kc3 Re1 32. Rd4 Rg1 33. g4 Rg3 34. Rf4
Rg2 35. Rf5 Ra2 36. Kb3 Ra5 37. Re5 f6 38. Re7 c5 39. Kc2 Ra2+ 40. Kb3 Rf2 41.
a7 c4+ 42. Kc3 Rd8 43. Bf5 c6 44. Rb7 Rxf3+ 45. Kd2 Rf2+ 46. Ke3 Ra2 47. Rb8
Rxa7 48. Rxd8+ Kf7 49. Rd7+ Rxd7 50. Bxd7 Ke7 51. Bxc6 Kd6 52. Be8 Ke5 53. b5
d4+ 54. Kd2 Kd5 55. b6 Kd6 56. Ba4 f5 57. gxf5 d3 58. Kc3 Ke5 59. b7 Kxf5 60.
Bd7+ Ke4 61. b8=Q d2 62. Bc6+ Kf5 63. Qf8+ Kg5 64. Qxg7+ Kf5 65. Kxd2 Kf4 66.
Qf6+ Kg3 67. Qf3+ Kh4 68. Qf4+ Kh3 69. Ke3 c3 70. Kf2 c2 71. Qg3# 1-0

[Event "ICS rated standard match"]
[Site "204.178.125.65"]
[Date "2000.03.15"]
[Round "?"]
[White "Hossa"]
[Black "Amateur"]
[Result "0-1"]
[WhiteElo "2262"]
[BlackElo "2373"]
[PlyCount "192"]

1. d4 d5 2. c4 dxc4 3. Nf3 a6 4. e3 Bg4 5. Bxc4 e6 6. h3 Bh5 7. Nc3 Nc6 8. g4
Bg6 9. h4 Bb4 10. Bd2 Bxc3 11. bxc3 Nf6 12. h5 Be4 13. g5 Nd5 14. h6 g6 15. Rg1
Qd6 16. Be2 O-O-O 17. Rg3 e5 18. Qb3 exd4 19. cxd4 Rhf8 20. Rg4 Bf5 21. Rh4
Rfe8 22. Kf1 Be4 23. Bc1 Nb6 24. Ba3 Qd5 25. Qxd5 Bxd5 26. Kg1 Nc4 27. Bc1 Nd6
28. Bb2 Ne4 29. a4 Nb4 30. Bf1 Rg8 31. Rb1 Na2 32. Re1 Rge8 33. Rf4 Bb3 34.
Bh3+ Kb8 35. Bg2 Bxa4 36. Rxf7 Rh8 37. Re7 Nec3 38. Ne5 Bb5 39. Kh1 Be8 40. Ra1
c6 41. Ba3 Ka8 42. Bc5 Kb8 43. Bb6 Rd5 44. Bxd5 Nxd5 45. Re6 Nac3 46. Bd8 Kc8
47. Bf6 Rg8 48. Kg2 Ne4 49. Ra2 Rf8 50. Bg7 Nxg5 51. Bxf8 Nxe6 52. Ba3 b5 53.
Bd6 Kb7 54. Ra3 Kb6 55. Nd3 a5 56. e4 b4 57. Ra1 Nf6 58. f3 Ng8 59. d5 Ng5 60.
Rh1 cxd5 61. exd5 Nf7 62. Bf8 Ba4 63. Kf2 Bc2 64. Nc5 b3 65. Na4+ Kb5 66. Rh4
Ne5 67. Ke3 g5 68. Rd4 Ng6 69. Bg7 Nh4 70. Kf2 Nf5 71. Rg4 Ngxh6 72. Nc3+ Kb6
73. Bxh6 Nxh6 74. Rxg5 b2 75. Re5 Kc5 76. Re1 Kd4 77. Nb5+ Kc4 78. Na3+ Kb3 79.
Nxc2 Kxc2 80. Ke3 a4 81. Re2+ Kb3 82. Rxb2+ Kxb2 83. Kf4 a3 84. Kg5 Nf7+ 85.
Kf6 Nd8 86. Ke7 Nb7 87. Kd7 a2 88. Kc7 Nc5 89. Kc6 Nd3 90. d6 a1=Q 91. Kd7 h5
92. Kc7 Qa7+ 93. Kd8 Ne5 94. Kc8 Qd7+ 95. Kb8 Nc6+ 96. Ka8 Qa7# 0-1